000
00486nam a2200145Ia 4500
008
100122s9999 xx 000 0 und d
082
_b
13450
_a
928.23
100
_a
देशपांडे माधव का.
245
_a
कादंबरीकार फडके
260
_b
व्हीनस प्रकाशन
_c
1965
300
_a
298
630
_a
कादंबरीकार फडके
730
_a
कादंबरीकार फडके
942
_c
BOOK
999
_c
404271
_d
404268